000 00604nmc a2200217 a 4500
003 AR-X00000XY
005 20251128212023.0
008 177020s1961 ||||||||||||||000 | spa||
040 _cAR-X00000XY
100 1 _aQuevedo y Villegas, Francisco de
245 1 0 _aQuevedo
_nII
260 _aMadrid
_bEspasa Calpe
_c1961
300 1 _axxiii, 298 p.
490 0 _aClásicos castellanos
500 0 _aCon firma y anotaciones manuscritas de Alejandra Pizarnik
655 _aLITERATURA
700 1 _aCejador y Frauca, Julio
_eeditor
740 0 _aLos sueños. Tomo I
942 _cBK
998 _cmartin
999 _c22112
_d22112